|
|
|
|
| LEADER |
00000nab#a22000007a#4500 |
| 001 |
arbauad028789 |
| 003 |
AR-BaUAD |
| 005 |
20250711112335.0 |
| 008 |
971017|||||||||###||||||b###|0###a|spa|| |
| 040 |
|
|
|a AR-BaUAD
|c AR-BaUAD
|b spa
|
| 245 |
1 |
0 |
|a Interiors 1992
|
| 300 |
0 |
|
|b p. 161 167: il.
|
| 653 |
|
|
|a EUROPA
|
| 653 |
|
|
|a TENDENCIAS
|
| 653 |
|
|
|a MODA
|
| 653 |
|
|
|a DISEÑO TEXTIL
|
| 653 |
|
|
|a TELAS DE TAPICERIA
|
| 653 |
|
|
|a OTOÑO INVIERNO 1992/1993
|
| 773 |
0 |
|
|t TEXTILE VIEW MAGAZINE
|g no. 16 [dic. 1991-mar. 1992]
|
| 942 |
|
|
|c ARTI
|
| 952 |
|
|
|0 0
|1 0
|4 0
|7 0
|9 73708
|a AR-BAuAD
|b AR-BAuAD
|d 2025-07-11
|l 0
|p AAQA028789
|r 2025-07-11 11:23:35
|w 2025-07-11
|y ARTI
|
| 990 |
|
|
|a DT199
|b TD
|
| 998 |
|
|
|a AAQ
|b BIBUN76
|
| 999 |
|
|
|c 53381
|d 53381
|